000 00718nam a2200253Ia 4500
001 1111
003 GE_BSU
008 181216s||||||||xx |||||||||||||| ||und||
020 _a9785060062373
040 _cGE_BSU
080 _a543(075.8)
100 _aХаритонов,Ю.Я.
245 _aАналитическая химия. Кн.1.
245 _bОбщие теоретические основы.Качественный анализ
250 _a5-е изд.стереот.
260 _aМосква
260 _bВысшая школа
260 _c2010
300 _a616стр.
541 _h120л.
653 _aАналитическая химия
653 _aХимия
942 _cBK
999 _c35262
_d35262